2018 Formula 1 Drivers - Statistics

General Stats
  • This quiz has been taken 136 times
  • The average score is 18 of 20
Answer Stats
Team Driver Number Driver % Correct
Mercedes 44 Lewis Hamilton
99%
Ferrari 5 Sebastian Vettel
97%
7 Kimi Raikkonen
96%
33 Max Verstappen
96%
Force India 11 Sergio Perez
96%
77 Valtteri Bottas
96%
Red Bull 3 Daniel Ricciardo
95%
55 Carlos Sainz Jr.
93%
14 Fernando Alonso
93%
31 Esteban Ocon
92%
Toro Rosso 10 Pierre Gasly
92%
20 Kevin Magnussen
89%
Renault 27 Nico Hulkenberg
88%
Haas 8 Romain Grosjean
88%
Williams 18 Lance Stroll
85%
16 Charles Leclerc
84%
Sauber 9 Marcus Ericsson
75%
McLaren 2 Stoffel Vandoorne
73%
28 Brendon Hartley
63%
35 Sergey Sirotkin
62%
No matching quizzes found
Score Distribution
Percent of People with Each Score
Percentile by Number Answered
Your Score History
You have not taken this quiz